000 00663nam a2200193Ia 4500
003 GCL
008 140319s9999 xx 000 0 ara d
040 _aGCL /
_cGCL
082 0 4 _a822.008
_bم ا
100 1 _aمحمد اسماعيل
245 1 0 _aاستعدوا لركوب الطائرة وغيرها /
_cمحمد اسماعيل
700 1 _aنعمان عاشور
700 1 _aمورتيمر, جون
700 1 _aمحمد اسماعيل الموافى
490 _aمن المسرح العالمى
_v0
650 0 4 _aالادب الانجليزى المترجم
650 0 4 _aالمسرحيات الانجليزية المترجمة
942 _2ddc
_cBK
999 _c46958
_d46958